| 000 | 00609nam a2200241Ia 4500 | ||
|---|---|---|---|
| 003 | OSt | ||
| 005 | 20250925110347.0 | ||
| 008 | 210210b2010 xxu||||| |||| 00| 0 eng d | ||
| 020 | _a9788132102465 | ||
| 040 | _cAL | ||
| 041 | _aeng | ||
| 082 | _a658 SINO | ||
| 100 |
_aPritam Singh _9240374 |
||
| 245 | _aOrganizing and managing in the era of globalization | ||
| 260 |
_aLos Angeles _bResponse Books _c2010 |
||
| 300 | _axvi,459p | ||
| 650 |
_athe _9240375 |
||
| 650 |
_aOrganizing _9240376 |
||
| 690 |
_aManagement _9240377 |
||
| 700 |
_aSubir Verma _9240378 |
||
| 906 | _a066245 | ||
| 942 |
_2ddc _cBK |
||
| 999 |
_c150136 _d150136 |
||